| 000 | 01053nam a2200277Ia 4500 | ||
|---|---|---|---|
| 001 | Para_10374 | ||
| 003 | CHAP | ||
| 008 | 220125sEner xx 000 0 und d | ||
| 010 | _a209050 | ||
| 040 | _cCHAP | ||
| 090 | _aPA CD - TESIS 403 | ||
| 100 |
_aPadilla Albor, Jesús Eric _984635 |
||
| 245 |
_aIncidencia e identificación de enfermedades en genotipos de trigo (Triticum durum, T. aestivum L.) con diferentes niveles de resistencia bajo el sistema de siembra de camas permanentes / _c Jesús Eric Padilla Albor; Director Santos Gerardo Leyva Mir |
||
| 260 |
_aChapingo, Méx. : _b el autor |
||
| 300 | _a1 CDS ROM (90 p.) | ||
| 502 | _aTesis (M.C. en Protección Vegetal). UACh. Departamento Parasitología Agrícola | ||
| 700 |
_aLeyva Mir, Santos Gerardo. Director _9171335 |
||
| 710 | _aUACh Departamento Parasitología Agrícola | ||
| 901 | _aPA CD - TESIS 403 | ||
| 902 | _aM | ||
| 905 | _a513220Enero, 2015 anm 8100000000 06 | ||
| 910 | _aEner | ||
| 942 | _cPARA | ||
| 942 |
_cPARA _d2 |
||
| 999 |
_c209050 _d209050 |
||